National COnference on Intellectual Property Rights/ (Record no. 211513)

MARC details
000 -LEADER
fixed length control field 00718nam a22002177a 4500
005 - DATE AND TIME OF LATEST TRANSACTION
control field 20250602164018.0
010 ## - LCCN (DPL NO)
LC control number ENG-145151
020 ## - INTERNATIONAL STANDARD BOOK NUMBER
International Standard Book Number 9789392568831
Terms of availability 400.00
035 ## - SYSTEM CONTROL NUMBER
System control number EN-128683
037 ## - SOURCE OF ACQUISITION
Source of stock number/acquisition DBAD
082 ## - DEWEY DECIMAL CLASSIFICATION NUMBER
Classification number 346.048
Edition number 1
100 ## - MAIN ENTRY--PERSONAL NAME
Personal name Sharma, Divya
245 ## - TITLE STATEMENT
Title National COnference on Intellectual Property Rights/
Statement of responsibility, etc Divya Sharma [and] Shraddha Verma
250 ## - EDITION STATEMENT
Edition statement 1
260 ## - PUBLICATION, DISTRIBUTION, ETC. (IMPRINT)
Place of publication, distribution, etc Chhattisgrah
Name of publisher, distributor, etc Aditi Publication
Date of publication, distribution, etc 2023
270 ## - ADDRESS
Address Opp. New Panchajanya Vidya Mandir, Near Tiranga Chowk, Kushalpur,Raipur
City Chhattisgrah
Telephone number +91 9425210308
300 ## - PHYSICAL DESCRIPTION
Extent 109p.
Dimensions 20cm(pb)
700 ## - ADDED ENTRY--PERSONAL NAME
Personal name Verma, Shraddha
Relator term Author
9 (RLIN) 81555
760 ## - MAIN SERIES ENTRY
Edition 1
942 ## - ADDED ENTRY ELEMENTS (KOHA)
Source of classification or shelving scheme Dewey Decimal Classification
Item type English Books
Classification part 346.048
Call number suffix SHA
Edition 1
Holdings
Withdrawn status Lost status Not for loan Collection code Home library Current library Date acquired Source of acquisition Cost, normal purchase price Full call number Barcode Copy number Cost, replacement price Koha item type
      Non-fiction Mobile Library Mobile Library 02/06/2025 Delivery of Books Act Division 400.00 346.048 SHA EN-128683 1 400.00 English Books

© Delhi Public Library
Hit Counter
free hit counter